| 000 | 00849nam a2200229 a 4500 | ||
|---|---|---|---|
| 001 | 41641 | ||
| 003 | BD-RjUL | ||
| 005 | 20211209053427.0 | ||
| 008 | 160604s1974 bg ||||| |||| 00| 0 ben d | ||
| 020 | _c: Tk. 16.00 | ||
| 035 | _a(BD-RjUL) 41759 | ||
| 040 |
_aBD-RjUL _bben _cBD-RjUL |
||
| 041 | _aben | ||
| 082 |
_223 _a297.122 _bISP 1974 |
||
| 100 | 1 |
_aইসলাম, মোহাম্মদ আমিনুল _9125232 |
|
| 245 | 1 | 0 |
_aপবিত্র কোরআনের দর্পণে মানব জীবন / _cমোহাম্মদ আমিনুল ইসলাম |
| 260 |
_aঢাকা : _bমোশাররফ পাবলিকেশন্স, _c১৯৭৪ |
||
| 300 |
_a[১৩], ২২৬ পৃ. ; _c২১ সেমি. |
||
| 650 |
_aকোরান _9127908 |
||
| 650 |
_aKoran _9127909 |
||
| 942 |
_2ddc _cBK |
||
| 999 |
_c41641 _d41641 |
||